内蒙古自治区县级市 - Statistics

General Stats
  • This quiz has been taken 17 times
  • The average score is 10 of 11
Answers on the Map
Answers color-coded by a green-red scale on the quiz's map according to % correct below.
 
Answer Stats
Answer % Correct
满洲里市
100%
根河市
100%
乌兰浩特市
100%
二连浩特市
100%
锡林浩特市
100%
牙克石市
93%
扎兰屯市
93%
额尔古纳市
93%
阿尔山市
93%
霍林郭勒市
79%
丰镇市
71%
No matching quizzes found
Score Distribution
Percent of People with Each Score
Percentile by Number Answered
Your Score History
You have not taken this quiz